| 000 | 00897cab a2200229 4500 | ||
|---|---|---|---|
| 001 | ABS36950 | ||
| 008 | 090401t1986 xxu||||| |||| 00| 0 eng d | ||
| 035 | _a(Sirsi) u1206 | ||
| 041 | 0 | _aeng | |
| 100 | 1 | _aTallis, J. A. | |
| 245 | 0 | 0 | _aRestoration of Albert Dock |
| 260 | _c1986 | ||
| 350 | _a0 | ||
| 490 | 0 |
_aStructural Engineer _v64A (10) October 1986, 291-298 (8) |
|
| 520 | _aDescribes the structural works carried out during the phase one refurbishment at the Albert Dock Buildings and the Dock Traffic Office in Liverpool . Treatments to the roofs and foundations are described together with a description of the method used to treat the brickwork. Also covers the structural works involved in fitting-out the buildings. | ||
| 651 | 4 |
_aUnited Kingdom _y |
|
| 690 |
_aRefurbishment _96264 |
||
| 700 | _aTaylor, R. D. | ||
| 700 | _aDishman, T. J. | ||
| 942 | _n0 | ||
| 948 | _c04/03/1997 | ||
| 999 |
_c656 _d656 |
||